| 000 | 01271nam a22003617a 4500 | ||
|---|---|---|---|
| 001 | BR2012005577 | ||
| 003 | BR-BrBNA | ||
| 005 | 20230928104039.0 | ||
| 007 | ta | ||
| 008 | 230509b bl.||||| |||| 00| 0 por d | ||
| 040 |
_aBR-BrBNA _bpor _cBiblioteca Nacional de Agricultura |
||
| 041 | _a(Eng, Por) | ||
| 072 |
_aL51 _b6100 _b5300 |
||
| 090 | _ 6100 BR2012005577 | ||
| 100 | 1 | _aCosta, A.C. | |
| 100 | 1 | _aCaputi, B. | |
| 100 | 1 | _aNogueira, E.T. | |
| 100 | 1 | _aHackenhaar, L. | |
| 100 | 1 | _aOetting, L. | |
| 100 | 1 | _aCeccantini, M.L. | |
| 100 | 1 | _aSolitão, R.W. | |
| 110 | 1 |
_aSindicato Nacional da Indústria de Alimentação Animal, São Paulo, SP (Brasil) _99546 |
|
| 245 | 1 | _aNutrição responsável contribuindo com o meio ambiente. Estratégias para reduzir a excreção e perdas de nutrientes em aves e suínos; responsible nutrition contributing to the environment. Strategies to reduce the excretion and loss of nutrients in poultry and swine | |
| 260 | 3 |
_aSão Paulo, SP (Brasil): _c2011. |
|
| 300 | _a97 p. | ||
| 500 | _a7 ref.; Summaries (Eng, Por); 15 illus.; 24 tables | ||
| 650 | _aNUTRIÇÃO ANIMAL | ||
| 650 | _aNUTRIENTE | ||
| 650 | _aAVE DOMÉSTICA | ||
| 650 | _aSUÍNO | ||
| 909 |
_a202309 _bLucia _c55 _dLucia Elande |
||
| 942 | _cBK | ||
| 999 |
_c77853 _d77853 |
||